The secret of our success (Record no. 73529)
[ view plain ]
| 000 -LEADER | |
|---|---|
| fixed length control field | 01051cam a2200217 4500 |
| 001 - CONTROL NUMBER | |
| control field | X123811 |
| 008 - FIXED-LENGTH DATA ELEMENTS--GENERAL INFORMATION | |
| fixed length control field | 031002n2003 000 0 eng u |
| 035 ## - SYSTEM CONTROL NUMBER | |
| System control number | (Sirsi) u123811 |
| 100 ## - MAIN ENTRY--PERSONAL NAME | |
| Personal name | Richards, M. |
| 245 #4 - TITLE STATEMENT | |
| Title | The secret of our success |
| 260 ## - PUBLICATION, DISTRIBUTION, ETC. | |
| Date of publication, distribution, etc. | 2003 |
| 490 ## - SERIES STATEMENT | |
| Series statement | Building |
| Volume/sequential designation | 268(8298) 5 September 2003, 26-27(2) |
| 520 ## - SUMMARY, ETC. | |
| Summary, etc. | Discusses the latest report from the European Construction Industry, "Construction activity in Europe". This report argues that the healthy state of Britain's construction industry is down to PFI. This is in contrast to the eurozone which is experiencing low growth rates due to the Stability and Growth Pact which makes it harder for governments to spend their way out of recession. Advises that British firms need to become more organised to take advantage of eastern Europe's new construction growth. |
| 590 ## - LOCAL NOTE (RLIN) | |
| Local note | ABS |
| 650 ## - SUBJECT ADDED ENTRY--TOPICAL TERM | |
| Topical term or geographic name entry element | CONSTRUCTION INDUSTRY |
| 650 ## - SUBJECT ADDED ENTRY--TOPICAL TERM | |
| Topical term or geographic name entry element | PFI |
| 650 ## - SUBJECT ADDED ENTRY--TOPICAL TERM | |
| Topical term or geographic name entry element | PRODUCTIVITY |
| 650 ## - SUBJECT ADDED ENTRY--TOPICAL TERM | |
| Topical term or geographic name entry element | EUROPE |
| 690 ## - LOCAL SUBJECT ADDED ENTRY--TOPICAL TERM (OCLC, RLIN) | |
| Topical term or geographic name as entry element | MANAGEMENT-BUSINESS MANAGEMENT-FINANCIAL MANAGEMENT |
| 942 ## - ADDED ENTRY ELEMENTS (KOHA) | |
| Suppress in OPAC | 0 |
No items available.